Normal view
MARC view
- Chethan, B.J
Entry Personal Name
001 - CONTROL NUMBER
- control field: 3298
003 - CONTROL NUMBER IDENTIFIER
- control field: OSt
005 - DATE AND TIME OF LATEST TRANSACTION
- control field: 20180904124208.0
008 - FIXED-LENGTH DATA ELEMENTS
- fixed length control field: 180904|| aca||aabn | a|a d
040 ## - CATALOGING SOURCE
- Original cataloging agency: OSt
- Transcribing agency: OSt
100 ## - HEADING--PERSONAL NAME
- Personal name: Chethan, B.J
670 ## - SOURCE DATA FOUND
- Source citation: Work cat.: (OSt): Chethan, B.J, Influence of geomorphology on runoff characteristics of a catchment, 2018
